01604 2200433 4500001002100000005001500021035002000036007000300056008004100059020002200100082001500122084001700137100002900154245028500183250003400468300004600502650002300548700003300571700003500604700003100639700002800670700002800698700004400726700002900770700004100799700002800840700004800868700003100916264002900947336002100976337003000997338002301027040002201050090002201072850001201094999002201106990002201128990002001150INLIS00000000087967120230703015832 a0010-0723000042ta230703s2021 yoia g ind d a978-623-316-765-904223a378.19 a378.19 RAT m0 aRatri PratiwiePengarang10aMerangkul pendul berhati unggul /cRatri Pratiwi, Fajar Dwi Saputra, Ineke Intan Baiduri, Detri Purwantie, Feni Safitri, Bayu Yohanes, Muhammad Luthfi Nurul Islami, Siti Khadijah, Yuliana Estevani Siregar, Dwi Nur Aini, Anisa Putri Primi Intan Maharani; penyunting, Luky Kurniawan aCetakan Pertama, Agustus 2021 avi, 115 halaman :bgambar, tabel ;c20 cm 4aKuliah kerja nyata0 aFajar Dwi SaputraePengarang0 aIneke Intan BaiduriePengarang0 aDetri PurwantieePengarang0 aFeni SafitriePengarang0 aBayu YohanesePengarang0 aMuhammad Luthfi Nurul IslamiePengarang0 aSiti KhadijahePengarang3 aSiregar, Yuliana EstevaniePengarang0 aDwi Nur AiniePengarang0 aAnisa Putri Primi Intan MaharaniePengarang0 aLuky KurniawanePenyunting31aBantul :bK-Media,c2021 2rdacontentateks 2rdamediaatanpa perantara 2rdacarrieravolume aYOPDYOGbinderda aCB-D.11 2021-2746 aYOPDYOG aCB-D.11/2021-2746 aCB-D.11/2021-2746 a74040-PD/A.2026